Đối mặt tư bản Giải pháp thực tiễn cho một hệ thống kinh tế hỗn loạn
Đề cập đến: Xây dựng CNTB vận hành hiệu quả; Nghèo đói kéo dài; Bất bình đẳng thu nhập gia tăng; Cuộc sống khó khăn của người lao động...
में बचाया:
| मुख्य लेखक: | |
|---|---|
| अन्य लेखक: | |
| स्वरूप: | पुस्तक |
| भाषा: | Undetermined |
| प्रकाशित: |
Tp. Hồ Chí Minh
Trẻ
2017
|
| विषय: | |
| ऑनलाइन पहुंच: | http://lrc.tdmu.edu.vn/opac/search/detail.asp?aID=2&ID=32254 |
| टैग : |
टैग जोड़ें
कोई टैग नहीं, इस रिकॉर्ड को टैग करने वाले पहले व्यक्ति बनें!
|
| Thư viện lưu trữ: | Trung tâm Học liệu Trường Đại học Thủ Dầu Một |
|---|
| LEADER | 01028nam a2200229Ia 4500 | ||
|---|---|---|---|
| 001 | TDMU_32254 | ||
| 008 | 210410s9999 xx 000 0 und d | ||
| 082 | |a 330.9597 | ||
| 090 | |b K435 | ||
| 100 | |a Kotler, Philip | ||
| 245 | 0 | |a Đối mặt tư bản | |
| 245 | 0 | |b Giải pháp thực tiễn cho một hệ thống kinh tế hỗn loạn | |
| 245 | 0 | |c Philip Kotler; Nguyễn Hằng dịch | |
| 260 | |a Tp. Hồ Chí Minh | ||
| 260 | |b Trẻ | ||
| 260 | |c 2017 | ||
| 300 | |a 286tr. | ||
| 520 | |a Đề cập đến: Xây dựng CNTB vận hành hiệu quả; Nghèo đói kéo dài; Bất bình đẳng thu nhập gia tăng; Cuộc sống khó khăn của người lao động... | ||
| 650 | |a Chủ nghĩa tư bản |x Khía cạnh xã hội; Chính sách kinh tế | ||
| 700 | |a Nguyễn, Hằng | ||
| 856 | |u http://lrc.tdmu.edu.vn/opac/search/detail.asp?aID=2&ID=32254 | ||
| 980 | |a Trung tâm Học liệu Trường Đại học Thủ Dầu Một | ||